|
|
|
|
| LEADER |
01141naa a2200241 i 4500 |
| 001 |
acta83469 |
| 005 |
20240130115711.0 |
| 008 |
240130s2023 hu o 100 hun d |
| 020 |
|
|
|a 978-963-648-013-4
|
| 040 |
|
|
|a SZTE Egyetemi Kiadványok Repozitórium
|b hun
|
| 041 |
|
|
|a hun
|
| 100 |
1 |
|
|a Balog Edit
|
| 245 |
1 |
0 |
|a Üzleti és gazdasági szaknyelv oroszul
|h [elektronikus dokumentum] :
|b nyelv - kultúra - szakma - személyiségfejlesztés : [absztrakt] /
|c Balog Edit
|
| 260 |
|
|
|a Juhász Gyula Felsőoktatási Kiadó
|b Szeged
|c 2023
|
| 300 |
|
|
|a 58
|
| 490 |
0 |
|
|a 150 éve a pedagógusképzésért - Neveléstudományi Konferencia
|
| 650 |
|
4 |
|a Társadalomtudományok
|
| 650 |
|
4 |
|a Oktatástudomány
|
| 695 |
|
|
|a Orosz szaknyelv - üzleti élet - előadáskivonat, Személyiségfejlesztés - előadáskivonat, Orosz nyelv tanítása - előadáskivonat
|
| 700 |
0 |
1 |
|a Barnak Mariia
|e aut
|
| 700 |
0 |
1 |
|a Daróczi Tamás
|e aut
|
| 711 |
|
|
|a 150 éve a pedagógusképzésért - Neveléstudományi Konferencia
|c Szeged
|d 2023. október 12-13.
|
| 856 |
4 |
0 |
|u http://acta.bibl.u-szeged.hu/83469/1/150_eve_a_pedagoguskepzesert_2023_058.pdf
|z Dokumentum-elérés
|